Statistics for Capitals in Random Squares of an Empty World Map

Click here to take the quiz!

General Stats

  • This quiz has been taken 8,533 times
  • The average score is 8 of 15

Answers on the Map

Answers color-coded by a green-red scale on the quiz's map according to % correct below.
 

Answer Stats

Box% Correct
Dublin / London / Amsterdam / Oslo
97%
Washington, DC / Ottawa
92%
Moscow
88%
Lisbon / Madrid / Andorra la Vella / Paris / Luxembourg / Brussels / Bern / Vaduz / Monaco
87%
Mexico City / Guatemala City / San Salvador
85%
Stockholm / Helsinki / Tallinn / Riga / Vilnius / Minsk / Warsaw / Berlin / Copenhagen
83%
Rome / Vatican / San Marino / Athens / Belgrade / Bratislava / Vienna / Ljubljana / Chișinău / Kiev / Bucharest / Skopje / Podgorica / Pristina / Budapest / Prague / Zagreb / Sofia / Sarajevo / Tirana
82%
Brasília
81%
Nicosia / Cairo / Beirut / Jerusalem / Amman / Damascus / Baghdad / Kuwait City / Riyadh / Manama
78%
Kiev / Ankara / Tbilisi / Yerevan / Baku
77%
Rabat / Tunis / Algiers
76%
Buenos Aires / Montevideo
75%
Beijing / Pyongyang / Seoul
74%
Canberra
74%
San José / Panama City / Bogotá / Quito
74%
Reykjavik
72%
Islamabad / New Delhi / Kathmandu / Thimphu
71%
Santiago
70%
Reykjavik
67%
Tehran / Doha / Abu Dhabi / Kabul
67%
Lisbon
66%
Tokyo
66%
Lima
65%
San Salvador / Belmopan / Tegucigalpa / Managua / Kingston / Havana / Port-au-Prince / Santo Domingo
64%
Wellington
62%
Caracas / Georgetown / Paramaribo / Port-of-Spain
60%
Caracas / Kingstown / Castries / Basseterre / Saint George's / Roseau / Bridgetown / Saint John's
58%
La Paz / Sucre / Asunción
57%
Addis Ababa / Nairobi / Juba / Mogadishu / Kampala
56%
Hanoi / Vientiane / Bangkok / Naypyidaw / Phnom Penh
56%
Praia / Banjul / Nouakchott / Bissau / Dakar
55%
Yamoussoukro / Accra / Porto-Novo / Cotonou / Lomé / Libreville / São Tomé / Malabo / Abuja
55%
Valletta / Tripoli
54%
Jakarta
53%
Cape Town / Maseru
52%
Dushanbe / Ashgabat / Tashkent
52%
Kinshasa / Brazzaville / Luanda / Gitega / Lusaka
52%
Singapore / Kuala Lumpur
51%
Ulaanbaatar
50%
Windhoek / Pretoria / Bloemfontein / Maseru / Mbabane / Gaborone / Harare
50%
Abu Dhabi / Muscat
49%
Nur-Sultan / Bishkek
48%
Taipei / Seoul
48%
Manila
47%
Sana'a / Djibouti / Asmara / Khartoum
46%
Nassau
44%
Niamey / Bamako / Ouagadougou
44%
Harare / Mbabane / Maputo / Antananarivo
42%
Sri Jayawardenepura Kotte / Malé
41%
N'Djamena
39%
Conakry / Monrovia / Freetown
36%
Dili
36%
Dhaka
35%
Nuku'alofa / Suva
33%
Funafuti / Apia
32%
Dodoma / Lilongwe / Moroni
31%
Port Moresby
31%
Kigali / Bangui / Yaoundé
30%
Port Louis
28%
Victoria
26%
Bandar Seri Begawan
24%
Port Vila
23%
South Tarawa / Majuro
23%
Yaren / Palikir
23%
Honiara
16%
Ngerulmud
16%

Score Distribution

Percentile by Number Answered

Percent of People with Each Score

Your Score History

You have not taken this quiz